000 00659nam a2200229Ia 4500
003 OSt
005 20220923222355.0
006 a|||||r|||| 00| 0
007 ta
008 220922b |||||||| |||| 00| 0 hin d
024 _a204,706
037 _cTextual
040 _aARTS
_cARTS
_bhin
041 _2hin
_ahin
082 _aO157:3M61:43, 152J9
100 _aठाकुर, रवीन्द्रनाथ
245 0 _aअपनी दुनिया
246 _aApanī duniyā
260 _c1959
942 _hO157:3M61:43, 152J9
_cTEXL
_2CC
999 _c355454
_d355454